Ensino de dança hoje : textos e contextos /

Estudio teórico de la enseñanza de la danza como lenguaje artístico en las escuelas de Brasil, teniendo en cuenta que el arte es una asignatura obligatoria en sistema escolar del país.

Guardado en:
Detalles Bibliográficos
Autor principal: Marques, Isabel A. (autor)
Formato: Libro
Idioma:Portugués
Publicado: São Paulo, Brasil : Cortez, 1999, c1999
Temas:
Etiquetas: Agrega una etiqueta
Sin etiquetas, Sé el primero en etiquetar este registro!

MARC

LEADER 00000nam^a2200000^a^4500
001 000387154
005 20250521000000.0
009 20260310121019.852
020 |a 85-249-0717-7 
037 |a Acervo ITESO - Biblioteca 
041 |a POR 
082 |a 786.  |b MAR 
100 |a Marques, Isabel A.  |e (autor) 
245 1 0 |a Ensino de dança hoje :  |b textos e contextos /  |c I.A. Marques ; presen. de Mariazinha de Rezende e Fusari. 
264 4 |a São Paulo, Brasil :  |b Cortez,  |c 1999, c1999 
300 |a 126 p. 
336 |a texto  |b txt  |2 rdacontenido 
337 |a sin mediación  |b n  |2 rdamedio 
338 |a volumen  |b nc  |2 rdasoporte 
520 |a Estudio teórico de la enseñanza de la danza como lenguaje artístico en las escuelas de Brasil, teniendo en cuenta que el arte es una asignatura obligatoria en sistema escolar del país. 
649 |a XX 
650 |a Sistema Escolar -  |z Brasil 
650 |a Danza -  |x Estudio y Enseñanza -  |x Tema Principal 
650 |a Artes Escénicas -  |x Estudio y Enseñanza 
650 |a Desarrollo Psicomotriz y Perceptual 
650 |a Metodología Educativa 
650 |a Educación -  |z Brasil 
650 |a Brasil -  |x Condiciones Sociales y Culturales 
910 |a Fondo Carlos Núñez Hurtado 
920 |a Impresos - Libros 
930 |a Fondos Especiales 
905 |a 117 
901 |a 0500281679  |b IT2  |c ESP  |i D80310  |u 20250521 
902 |a https://opac.biblio.iteso.mx/vufind/Record/000387154